| 000 | 01211nab a22002417a 4500 | ||
|---|---|---|---|
| 999 |
_c5676 _d5676 |
||
| 003 | OSt | ||
| 005 | 20251226225814.0 | ||
| 008 | 190603e xxum|||| |||| 00| 0 spa d | ||
| 040 | _cPJ | ||
| 100 |
_95959 _aIglesias, Mariana B. |
||
| 245 | 1 | 3 |
_aLa partición privada a 10 años de vigencia del Código Civil y Comercial de Nación / _cMariana B. Iglesias. |
| 260 |
_cCiudad Autónoma de Buenos Aires : _aThomson Reuters La Ley, _b2025. |
||
| 300 | _ap. 51-61 | ||
| 500 | _aCita: TR LALEY AR/DOC/1756/2025 Publicado en: RCCyC 2025 (agosto). | ||
| 505 | _aSumario: I. A modo de introducción: el derecho sucesorio a 10 años de vigencia del Cód. Civ. y Com.— II. La partición privada en el Cód. Civ. y Com.— III. La partición privada en la jurisprudencia.— IV. Conclusión. | ||
| 505 | _t¿Te interesa el texto completo? Solicitalo al correo: koha@justierradelfuego.gov.ar | ||
| 650 | 0 |
_91497 _aCODIGO CIVIL Y COMERCIAL |
|
| 650 | 0 |
_9888 _aSUCESIONES |
|
| 650 | 0 |
_91084 _aHEREDEROS |
|
| 650 | 0 |
_94553 _aPARTICION DE LA HERENCIA |
|
| 773 | 0 |
_02713 _93170 _dCiudad Autónoma de Buenos Aires : Thomson Reuters La Ley, 2015- _tRevista Código Civil y Comercial. Nº 4 - Agosto 2025 |
|
| 942 |
_2udc _cANA |
||